000
00382nam a2200133Ia 4500
008
151001s9999||||xx |||||||||||||| ||und||
100
_a
दुर्गा - भागवत
245
_a
दख्खनच्या लोककथा भाग १
250
_a
2
260
_b
चित्रशाळा प्रकाशन
260
_c
1960
300
_a
40
365
_b
7
999
_c
951955
_d
951952